Introducción a la metafísica /

Martin Heidegger (1889-1976), filósofo alemán. En esta obra plantea una manera distinta de analizar al ser, en el que manifiesta que desde los inicios de la filosofía se han olvidado de esta cuestión ontológica, aún cuando los pensadores se han ocupado de ello. Propone abordarlo desde el ser mismo,...

Description complète

Enregistré dans:
Détails bibliographiques
Auteur principal: Heidegger, Martin (autor)
Format: Livre
Langue:espagnol
Publié: Barcelona, España : Gedisa, 2003, c2003
Sujets:
Tags: Ajouter un tag
Pas de tags, Soyez le premier à ajouter un tag!

MARC

LEADER 00000nam^a2200000^a^4500
001 000182741
005 20250521000000.0
009 20260310102017.429
037 |a Acervo ITESO - Biblioteca 
041 |a ESP 
082 |a 110.  |b HEI 
100 |a Heidegger, Martin  |e (autor) 
240 1 1 |a [Introducción a la metafísica] 
245 1 0 |a Introducción a la metafísica /  |c M. Heidegger ; tr. por Angela Ackermann Pilári. 
264 4 |a Barcelona, España :  |b Gedisa,  |c 2003, c2003 
300 |a 189 p. 
336 |a texto  |b txt  |2 rdacontenido 
337 |a sin mediación  |b n  |2 rdamedio 
338 |a volumen  |b nc  |2 rdasoporte 
500 |a Traducción de: Einführung in die Metaphysik 
520 |a Martin Heidegger (1889-1976), filósofo alemán. En esta obra plantea una manera distinta de analizar al ser, en el que manifiesta que desde los inicios de la filosofía se han olvidado de esta cuestión ontológica, aún cuando los pensadores se han ocupado de ello. Propone abordarlo desde el ser mismo, por lo que se pregunta por el fundamento del ser del ente y su relación con la nada. 
649 |a XX 
650 |a Substancia (Filosofía) 
650 |a Ontología 
650 |a Nada (Filosofía) 
650 |a Metafísica -  |x Tema Principal 
650 |a Existencialismo 
650 |a Fenomenología 
650 |a Filosofía del Siglo XX 
650 |a Filosofía Alemana 
910 |a Fondo General 
920 |a Impresos - Libros 
930 |a Colección General 
905 |a 101 
901 |a 0500122760  |b IT1  |c ACC  |u 20250521 
902 |a https://opac.biblio.iteso.mx/vufind/Record/000182741